000 00505nam a22002057a 4500
003 OSt
008 250204b |||||||| |||| 00| 0 eng d
020 _a9789397818431
082 _a515.9 MIU
100 _aMittal, Garima
245 _aUnderstanding The Complexity of Deseases and their Prevention
260 _aDelhi
_bNaples India Pub
300 _a713
650 _aPharmacology
700 _aMukesh Rani
700 _aVipsha
700 _aSuman
700 _aRuhal, poonam
942 _2ddc
_cBK
999 _c13070
_d13070